| 000 | 00861cam a2200193 i 4500 | ||
|---|---|---|---|
| 005 | 20260126125723.0 | ||
| 008 | 250721s2012 jo gr 000 0 ara d | ||
| 082 | 1 | 4 |
_a346.043 _bش و ش |
| 100 | 1 |
_aشوشاري، صلاح الدين محمد _eمؤلف. |
|
| 245 | 1 | 0 |
_aصيغ الدعاوى و الطلبات المستعجلة والإنذارات والإخطارات في قانون المالكين والمستاجرين / _cالمحامي صلاح الدين محمد شوشاري. |
| 250 | _aالطبعة الثانيه، مزيدة ومنقحة. | ||
| 264 | 3 | 1 |
_aعمان : _bصلاح الدين محمد شوشاري، _c2012. |
| 300 | _a264 صفحة. | ||
| 650 | 1 | 7 | _aالقانون الخاص. |
| 650 | 1 | 7 | _aتأجير المساكن. |
| 650 | 1 | 7 | _aالإنذار القضائي. |
| 942 |
_2ddc _cBK |
||
| 999 |
_c125297 _d125297 |
||